000 00738cab a2200181 4500
001 ##L132879
008 060317n2006 000 0 eng u
035 _a(Sirsi) u132879
041 0 _aeng
100 1 _aFerguson, George
245 0 4 _aThe transformation is most marked by unapologetic interference in the natural landscape
260 _c2006
490 0 _aArchitects' Journal
_v(9)223 9 March 2006, 24-35(12)
520 _aReports on the adaptation of a farmhouse and other buildings, and landscaping of grounds to create a wildlife sanctuary, in Devon. Contains costings and architectural drawings.
590 _aIKA280306
690 _aBUILT ENVIRONMENT-BUILDING MAINTENANCE AND REFURBISHMENT-BUILDING ADAPTATION
942 _n0
999 _c76669
_d76669